Lịch sử tiền giấy Việt Nam : Những câu chuyện chưa kể = Vietnam currency notes : The untold stories
Hơn 180 tiêu bản được trình bày trong cuốn sách này là một bộ sưu tập quý, trong đó có những tiêu bản thuộc loại hiếm. Chẳng hạn như những đồng bạc do người Pháp phát hành ở Đông Dương còn được lưu hành trong lúc giao thời sau năm 1945....
Đã lưu trong:
| 主要作者: | |
|---|---|
| 格式: | 图书 |
| 语言: | Undetermined |
| 出版: |
Hà Nội
Thanh niên
2016
|
| 主题: | |
| 标签: |
添加标签
没有标签, 成为第一个标记此记录!
|
| Thư viện lưu trữ: | Trung tâm Học liệu Trường Đại học Cần Thơ |
|---|
| LEADER | 01085nam a2200241Ia 4500 | ||
|---|---|---|---|
| 001 | CTU_220964 | ||
| 008 | 210402s9999 xx 000 0 und d | ||
| 020 | |c 199000 | ||
| 082 | |a 332.4044 | ||
| 082 | |b T110 | ||
| 100 | |a Thng, Tien Tat | ||
| 245 | 0 | |a Lịch sử tiền giấy Việt Nam : | |
| 245 | 0 | |b Những câu chuyện chưa kể = Vietnam currency notes : The untold stories | |
| 245 | 0 | |c Thng Tien Tat | |
| 260 | |a Hà Nội | ||
| 260 | |b Thanh niên | ||
| 260 | |c 2016 | ||
| 520 | |a Hơn 180 tiêu bản được trình bày trong cuốn sách này là một bộ sưu tập quý, trong đó có những tiêu bản thuộc loại hiếm. Chẳng hạn như những đồng bạc do người Pháp phát hành ở Đông Dương còn được lưu hành trong lúc giao thời sau năm 1945. | ||
| 650 | |a Tiền giấy,Paper money | ||
| 650 | |x Lịch sử,History | ||
| 650 | |z Việt Nam,Vietnam | ||
| 904 | |i Hải | ||
| 980 | |a Trung tâm Học liệu Trường Đại học Cần Thơ | ||